000 00735nam a22002177a 4500
003 OSt
005 20251126121404.0
008 251126b |||||||| |||| 00| 0 eng d
020 _a978-1-4338-1031-2
040 _aDWC-Main lib.
_cOC
082 _aCirc. 155.2 B981p 2012
100 _aBuss, Arnold H.
245 _aPathways to individuality :
_bevolution and development of personality traits/
_cArnold H. Buss
260 _aWashington, D.D. :
_bAmerican Psychological Association,
_cc2012.
300 _aviii, 261 pages ;
_c25 cm.
504 _aIncludes bibliographical references.
650 _a1. Personality.
650 _a2. Individuality.
650 _a3. Evolutionary psychology.
942 _2ddc
_cBK-CIRC
_kCirc.
_n0
999 _c6396
_d6396